000
00393nam a22001337a 4500
020
_a
0748725962
082
_a
531
100
_a
L.Bostock
245
_a
Mechanics for A-level
260
_a
Cheltenham
_b
Stanley thornes
_c
1996
300
_a
594p
942
_c
BK
999
_c
3307
_d
3307